000 00497nam a2200181Ia 4500
005 20250508162823.0
008 008 250505s9999 xx 000 0 eng d
037 _aTextual
040 _aFEDL
_beng
_cFEDL
041 _aeng
_2eng
084 _a294.5, GOE
_qFEDL
100 _aGoel Sita Ram
245 0 _aHindu temples : What happened to them
260 _aNew Delhi, India
_bVoice of India
_c1991
300 _a464p.
942 _cTEXL
_h294.5, GOE
999 _c1378880
_d1378880